000 00387nam a22001577a 4500
005 20241030170014.0
008 241030b |||||||| |||| 00| 0 eng d
020 _a9788174731425
050 _aREF. R121
_bGUP
100 _aGupta, L. C.
245 _aPocket Medical Dictionary
250 _a4th
260 _aDelhi
_bA.I.T.B.S P UBLISHERS
_cc2009
300 _a1143p
942 _2lcc
_cBK
_n0
999 _c390
_d390